| 000 | 01012nam a2200241Ia 4500 | ||
|---|---|---|---|
| 999 |
_c37929 _d37929 |
||
| 001 | 3908 | ||
| 003 | GE_BSU | ||
| 005 | 20190906165828.0 | ||
| 008 | 181216s1971||||ge |||||||||||||| ||geo|| | ||
| 040 | _cGE_BSU | ||
| 041 | _ageo | ||
| 080 | _a1(430)(091) ბ–32 | ||
| 100 |
_aბაქრაძე, კონსტანტინე _93920 |
||
| 245 |
_aდიალექტიკის პრობლემა გერმანულ იდეალიზმში / _cრედ. ნ. ბერძენიშვილი. |
||
| 264 |
_aთბ. : _bთბილ. უნ-ტის გამ-ბა, _c1971. |
||
| 300 |
_a243 გვ. ; _b21 სმ. |
||
| 541 | _h2 ლ.40 თ. | ||
| 653 | _aგერმანული იდეალიზმი | ||
| 653 | _aგერმანული ფილოსოფიის ისტორია | ||
| 653 | _aდიალექტიკა | ||
| 700 |
_a ბერძენიშვილი, ნ. _eრედაქტორი _93921 |
||
| 942 |
_cBK _2udc |
||